000 00822nam a2200193Ia 4500
008 151121s9999||||xx |||||||||||||| ||und||
082 _a801।952/त्रिभुव
082 _bHNW-79497
100 _aत्रिभुवन शैलेश
245 _aदलित नाटक निर्मिती प्रेरणा व विकास
260 _b"पॅपिलॉन प्रकाशन, पुणे।"
260 _c--
300 _a72
600 _aत्रिभुवन शैलेश
630 _aदलित नाटक निर्मिती प्रेरणा व विकास
700 _aत्रिभुवन शैलेश
730 _aदलित नाटक निर्मिती प्रेरणा व विकास
942 _cBOOK
999 _c1260862
_d1260859